00321pab a2200121 454500008004000000100002100040245005900061260000900120300001300129362001100142650001200153773003400165180718b2010 xxu||||| |||| 00| 0 eng d aKumar, P. Kesava aPopular culture and ideology: the phenomenon of Gaddar c2010 ap.61-67. a13 Feb aCulture aEconomic and Political Weekly